000 00986cam a2200277 4500
008 090401t2002 xxu||||| |||| 00| 0 eng d
020 _a187393663X
035 _a(Sirsi) u99680
041 _aeng
050 _a690.241
100 _aFidler, J.
_xEditor
110 _aEnglish Heritage
_92714
245 _aEnglish Heritage research transactions. Volume 2: stone
260 _aLondon
_bJames & James
_c2002
300 _axi,104p.
_bill.
_c30cm.
350 _a30
520 _aContains seven papers that deal with investigative work on the repair and conservation of historic stone masonry. Each paper is divided into three components: research, development and case studies.
650 _aSTONE MASONRY
650 _aBUILT ENVIRONMENT-BUILDING MATERIALS
650 _aHISTORIC BUILDINGS
650 _aPRESERVATION
650 _aTREATMENT
690 _aBUILT ENVIRONMENT-BUILDING MAINTENANCE AND REFURBISHMENT-BUILDING CONSERVATION
942 _n0
948 _c02/02/1999
999 _c99439
_d99439